000 00765nam a2200253Ia 4500
003 OSt
005 20221005034725.0
006 a|||||r|||| 00| 0
007 ta
008 221004b |||||||| |||| 00| 0 urd d
020 _a9789388736152 (hb)
_cINR 400.00
024 _a43031
037 _b2150, 16/03/2019, M.R.Publications
_cTextual
040 _aCRL
_cCRL
_burd
041 _2urd
_aurd
082 _aO168,6w, Q8
100 _aKumar Gh Nabi Au.
_9555144
245 0 _aUrdu ki asri sadaaen
260 _aDelhi
_bEducational publishing house India
_c2018
300 _a368p.
_ccm.
650 _aURDU PROSE
_926866
942 _hO168,6w, Q8
_cTEXL
_2cc
999 _c943950
_d943950